Normal view
MARC view
- SCHEFLEN, Albert Edward.
Entry Personal Name
001 - CONTROL NUMBER
- control field: 2746
003 - CONTROL NUMBER IDENTIFIER
- control field: OSt
005 - DATE AND TIME OF LATEST TRANSACTION
- control field: 20170509125631.0
008 - FIXED-LENGTH DATA ELEMENTS
- fixed length control field: 170509|| aca||aabn | a|a d
040 ## - CATALOGING SOURCE
- Original cataloging agency: OSt
- Transcribing agency: OSt
100 ## - HEADING--PERSONAL NAME
- Personal name: SCHEFLEN, Albert Edward.
670 ## - SOURCE DATA FOUND
- Source citation: Work cat.: (OSt): SCHEFLEN, Albert Edward., Body language and the social order: communication as behavioral control. ([By] Albert E. Scheflen ... with Alice Scheflen.)., 1972

PORTAL AKMAL
E-MEL JKDM
AKMAL2U
G-BAM
u-PUSTAKA